000
00294nam a2200133Ia 4500
100
_a
Wyatt/Allen
942
_c
BK
654
_a
assembley language
245
_a
Using assembley language
260
_b
Microtech asian edition
_a
Dubai
_c
1987
300
_a
746
546
_a
ENGLISH
999
_c
31513
_d
31513